| 000 | 00450nam a22001817a 4500 | ||
|---|---|---|---|
| 003 | OSt | ||
| 005 | 20180116183006.0 | ||
| 008 | 150806b xxu||||| |||| 00| 0 eng d | ||
| 020 | _a9788131503942 | ||
| 040 | _c0 | ||
| 082 |
_22nd _a519.5 CAS 2014 |
||
| 100 | _aGeorge Casella | ||
| 245 |
_aStatistical Inference _cGeorge Casella |
||
| 260 |
_aIndia _bCengage _c2014 |
||
| 300 |
_a660 p. _bPB |
||
| 440 | _aStatistical Inference | ||
| 942 |
_2ddc _cBK |
||
| 999 |
_c350063 _d350063 |
||